000 00303nam a2200097 a 4500
005 20200930062652.0
008 110610s1911 000 spa d
245 0 _aRecolección de indicaciones del director-inspector general .........
260 _aLa Vega, República Dominicana,
_c1911.
999 _c30534
_d30534
040 _aDO-SdBNP